Statistics for Stazioni della metropolitana di Milano

Click here to take the quiz!

General Stats

  • This quiz has been taken 2,440 times
  • The average score is 69 of 106

Answer Stats

M1 % Correct
Duomo
97%
Garibaldi FS
92%
Centrale FS
91%
Cadorna
89%
Rho Fiera
87%
Loreto
87%
San Babila
86%
Porta Venezia
85%
San Donato
82%
Piazza Abbiategrasso
82%
Cordusio
81%
Cairoli
80%
Porta Genova FS
80%
Sesto 1° Maggio FS
80%
Zara
80%
Lambrate FS
80%
Sant'Ambrogio
79%
Gioia
79%
Bisceglie
78%
Assago Milanofiori Forum
78%
Piola
78%
Montenapoleone
77%
Cologno Nord
77%
Porta Romana
77%
Gessate
77%
Sant'Agostino
76%
San Siro Stadio
76%
Lotto
76%
Lima
76%
Moscova
75%
Comasina
75%
QT8
75%
Lanza
75%
Sesto Marelli
74%
Cascina Gobba
73%
Repubblica
72%
Missori
71%
Caiazzo
71%
Wagner
71%
Lodi T.I.B.B.
71%
Porto di Mare
71%
Bicocca
70%
Affori FN
70%
Crocetta
69%
Rogoredo FS
69%
Famagosta
68%
Sesto Rondò
68%
Udine
68%
Cologno Sud
68%
Romolo
67%
Bande Nere
67%
Cologno Centro
67%
Palestro
66%
Gerusalemme
66%
Turati
66%
Maciachini
66%
Turro
65%
Pasteur
65%
Bignami
65%
Precotto
63%
Pagano
63%
Monumentale
63%
Gorgonzola
62%
Conciliazione
62%
Isola
62%
San Siro Ippodromo
62%
Cimiano
61%
Tre Torri
61%
Sondrio
61%
Corvetto
60%
Molino Dorino
60%
Pero
60%
Crescenzago
59%
Gorla
59%
Affori Centro
58%
Lampugnano
57%
Uruguay
57%
Buonarroti
56%
Dergano
56%
Rovereto
55%
Inganni
55%
Domodossola FN
54%
De Angeli
53%
Villa San Giovanni
53%
Amendola
53%
Brenta
52%
Ponale
50%
Assago Milanofiori Nord
50%
Bonola
49%
Istria
49%
Marche
49%
Vimodrone
48%
Cenisio
47%
Cernusco sul Naviglio
47%
Portello
47%
Cassina de' Pecchi
47%
Primaticcio
47%
Gambara
46%
Ca' Granda
46%
San Leonardo
45%
Cascina Burrona
45%
Villa Fiorita
44%
Segesta
42%
Cascina Antonietta
40%
Bussero
36%
Villa Pompea
34%

Score Distribution

Percentile by Number Answered

Percent of People with Each Score

Your Score History

You have not taken this quiz